The Blue Umbrella (Record no. 369759)

MARC details
000 -LEADER
fixed length control field 00428nam a2200169 4500
005 - DATE AND TIME OF LATEST TRANSACTION
control field 20260108121519.0
008 - FIXED-LENGTH DATA ELEMENTS--GENERAL INFORMATION
fixed length control field 260108b |||||||| |||| 00| 0 eng d
020 ## - INTERNATIONAL STANDARD BOOK NUMBER
International Standard Book Number 978-81-291-2454-8
041 ## - LANGUAGE CODE
Language code of text/sound track or separate title English
082 ## - DEWEY DECIMAL CLASSIFICATION NUMBER
Classification number X 823 BON
Item number B12127
100 ## - MAIN ENTRY--PERSONAL NAME
Author Bond, Ruskin
245 ## - TITLE STATEMENT
Title The Blue Umbrella
260 ## - PUBLICATION, DISTRIBUTION, ETC.
Place of publication, distribution, etc. New Delhi
Name of publisher, distributor, etc. Rupa Publication
Date of publication, distribution, etc. 2025
300 ## - PHYSICAL DESCRIPTION
Extent 58p
Other physical details pb
365 ## - TRADE PRICE
Price type code Rupaye
Price amount 142
Currency code INR
942 ## - ADDED ENTRY ELEMENTS (KOHA)
Koha item type Books
Holdings
Withdrawn status Lost status Source of classification or shelving scheme Damaged status Not for loan Collection code Home library Current library Date acquired Vendor Net Price Bill number Total Checkouts Full call number Barcode Date last seen Date last checked out Actual Price Bill Date Koha item type Original Barcode
    Dewey Decimal Classification     Non-fiction Smt. Bakul Tambat Institute of Nursing Education Smt. Bakul Tambat Institute of Nursing Education 30/12/2025 Amazon(online) 171-2631319-3695555 142.00 AMD2-3237714 1 X 823 BON B12127 BTIN-BK-12127 04/02/2026 02/02/2026 142.00 20/10/2025 Books BTIN-BK-12127